Statistics for Which Doctor Who Said It?

Click here to take the quiz!

General Stats

  • This quiz has been taken 14 times
  • The average score is 12 of 16

Answer Stats

QuotationDoctor% Correct
"Apples are rubbish, I hate apples."11
92%
"I eat danger for breakfast. I don't, I prefer cereal. Or croissants."13
92%
"I know these teeth."14
92%
"Carrot Juice?"6
92%
"Never be cruel, never be be cowardly! And never ever eat pears!"12
77%
"A straight line may be the shortest distance between two points, but it is by no means the most interesting!"3
77%
"I help where I can, I will not fight!"8
77%
"But for now, for this moment, I am the Doctor again."War
77%
"[Name], this is no time to be playing cowboys!"1
69%
"Wibbly-Wobbly…Timey-Wimey…Stuff."10
69%
"YOU CAN'T JUST CHANGE WHAT I LOOK LIKE WITHOUT CONSULTING ME!"2
69%
"Anybody remotely interesting is mad in some way or another."7
69%
"Nice to meet you, [Name]. Run for your life!"9
62%
"You know how it is - you put things off for a day, and next thing you know, it's a hundred years later."5
54%
"What, no tea?"4
46%
"Okay kid, I love you, get out!"15
38%

Score Distribution

Percentile by Number Answered

Percent of People with Each Score

Your Score History

You have not taken this quiz